000 00460nam a2200169Ia 4500
003 GCL
008 140319s9999 xx 000 0 ara d
040 _aGCL /
_cGCL
082 0 4 _a372.4
_bع ت
100 1 _aعواطف ابراهيم
245 1 0 _aتهيئة الطفل للقراءة والعد /
_cعواطف ابراهيم
300 _a40 ص
490 _a
650 0 4 _aتعليم الاطفال
650 0 4 _aادب الاطفال
942 _2ddc
_cBK
999 _c38911
_d38911